000
00338 a2200169 4500
001
182098
020
_a
85-08-04074-1
040
_c
Magnum
100
_a
Azevedo, Aluísio
240
1
0
_a
O cortiço
_l
por
245
1
0
_a
O cortiço
300
_a
207
362
0
_a
1999
440
1
_a
Ática
697
_a
LITERATURA GERAL
942
_c
BK
999
_c
182098
_d
182098